[Event "XXXVII Miedzynarodowy Turniej Szachowy o Puchar Wojewody Dolnoslaskiego"]
[Site "Legnica"]
[Date "1899-12-30"]
[Round "1.1"]
[White "Bogdanov, Egor"]
[Black "Nowak, Lukasz"]
[Result "1/2-1/2"]
[WhiteTitle "IM"]
[BlackTitle "FM"]
[WhiteElo "2394"]
[BlackElo "2397"]

1. e4 e5 2. Bc4 Nf6 3. d3 Nc6 4. Nc3 Bc5 5. f4 O-O 6. Nf3 exf4 7. Bxf4 d6 8. Qd2
Be6 9. Bb3 a5 10. Bg5 h6 11. Bh4 Nd4 12. Bf2 Nxf3+ 13. gxf3 Bxf2+ 14. Qxf2 Nh5
15. f4 Bxb3 16. axb3 f5 17. e5 dxe5 18. fxe5 Re8 19. d4 c5 20. O-O-O cxd4 21.
Qxf5 Qg5+ 22. Qxg5 hxg5 23. Rxd4 Rxe5 24. Rhd1 Nf6 25. Nd5 Rae8 26. c4 Re4 27.
h3 Kf7 28. Kc2 R8e5 29. Kc3 Rh4 30. Rxh4 gxh4 31. Nxf6 gxf6 32. Kd4 Rg5 33. Ke4
Ke6 34. Rd5 Re5+ 35. Kd4 Rxd5+ 36. cxd5+ Kd6 37. Ke4 b5 38. Kf5 Kxd5 39. Kxf6
Kc5 40. Kg5 Kb4 41. Kxh4 Kxb3 42. Kg3 a4 43. h4 b4 44. h5 a3 45. h6 axb2 46. h7
b1=Q 47. h8=Q Qe1+ 48. Kg4 Qe4+ 49. Kg5 Qg2+ 50. Kf5 Ka2 51. Qd4 Qc2+ 52. Ke6
b3 53. Ke7 Qe2+ 54. Kf8 b2 55. Qa7+ Kb3 56. Qb6+ Kc3 57. Qf6+ Kc2 58. Qf5+ Qd3
59. Qf2+ Kc3 60. Qc5+ Kb3 61. Qb6+ Kc2 62. Qf2+ Kc3 63. Qc5+ Qc4 64. Qe3+ Kb4
65. Qe1+ Ka3 66. Qe3+ Ka4 67. Qa7+ Kb3 68. Qe3+ Qc3 69. Qe6+ Ka4 70. Qd7+ Ka3
71. Qa7+ Kb3 72. Qf7+ Qc4 73. Qf3+ Kb4 74. Qb7+ Kc3 75. Qf3+ Qd3 76. Qc6+ Kd2
77. Qg2+ Qe2 78. Qd5+ Ke1 79. Qa5+ Kf1 80. Qb4 Kg1 81. Kg8 Kh1 82. Kh8 Qh2+ 83.
Kg8 Qg1+ 84. Kh8 b1=Q 85. Qe4+ Kh2 86. Qh4+ Kg2 87. Qh3+ Kf3 88. Qxf3 1/2-1/2

[Event "XXXVII Miedzynarodowy Turniej Szachowy o Puchar Wojewody Dolnoslaskiego"]
[Site "Legnica"]
[Date "1899-12-30"]
[Round "1.2"]
[White "Cherniaiev, Tykhon"]
[Black "Dzida, Kamil"]
[Result "1/2-1/2"]
[WhiteTitle "FM"]
[BlackTitle "m"]
[WhiteElo "2330"]
[BlackElo "2352"]

1. d4 Nf6 2. c4 e6 3. Nf3 d5 4. Nc3 Bb4 5. Qa4+ Nc6 6. e3 O-O 7. Qc2 Re8 8. Bd2
Bf8 9. a3 e5 10. dxe5 Nxe5 11. cxd5 Nxf3+ 12. gxf3 Nxd5 13. O-O-O Nxc3 14. Bxc3
Qh4 15. Rd4 Qh5 16. Be2 Bf5 17. Rd5 Bxc2 18. Rxh5 Ba4 19. Rg1 Re6 20. Rhg5 Rg6
21. Rxg6 hxg6 22. f4 Rd8 23. h4 Rd6 24. h5 gxh5 25. Bxh5 Rh6 26. Bf3 Bc6 27. Bxc6
Rxc6 28. Kd2 Rh6 29. Ke2 Kh7 30. Rd1 Rd6 31. Rh1+ Rh6 32. Rd1 Rd6 1/2-1/2

[Event "XXXVII Miedzynarodowy Turniej Szachowy o Puchar Wojewody Dolnoslaskiego"]
[Site "Legnica"]
[Date "1899-12-30"]
[Round "1.3"]
[White "Razin, Vadim"]
[Black "Seemann, Jakub"]
[Result "1-0"]
[WhiteTitle "m"]
[BlackTitle "FM"]
[WhiteElo "2407"]
[BlackElo "2446"]

1. d4 Nf6 2. Nf3 g6 3. Nc3 d5 4. Bf4 Bg7 5. e3 O-O 6. Be2 c5 7. O-O cxd4 8. exd4
Bg4 9. Ne5 Bxe2 10. Qxe2 Nc6 11. Rad1 e6 12. Rd3 Nd7 13. Nxd7 Qxd7 14. Qd2 Rfe8
15. Bh6 Bh8 16. Rd1 Ne7 17. Bf4 Nf5 18. Ne2 Rac8 19. c3 f6 20. g4 Ne7 21. Ng3
h5 22. h4 hxg4 23. Qe2 Nf5 24. Qxg4 Qh7 25. h5 g5 26. Bc1 Bg7 27. f4 Nh6 28. Qe2
g4 29. Re3 Kf7 30. Re1 Rc6 31. c4 Nf5 32. cxd5 Rd6 33. dxe6+ Kg8 34. Qb5 1-0

[Event "XXXVII Miedzynarodowy Turniej Szachowy o Puchar Wojewody Dolnoslaskiego"]
[Site "Legnica"]
[Date "1899-12-30"]
[Round "1.4"]
[White "Jarmula, Lukasz"]
[Black "Klimkowski, Jan"]
[Result "1/2-1/2"]
[WhiteTitle "GM"]
[BlackTitle "FM"]
[WhiteElo "2439"]
[BlackElo "2474"]

1. b3 e5 2. Bb2 Nc6 3. e3 Nf6 4. Nf3 e4 5. Nd4 Bc5 6. d3 Bxd4 7. exd4 d5 8. dxe4
Nxe4 9. Nd2 Bf5 10. Nxe4 Bxe4 11. f3 Bf5 12. Bb5 O-O 13. Bxc6 bxc6 14. O-O Qg5
15. Bc1 Qg6 16. Rf2 Qd6 17. Be3 Rfe8 18. Qd2 a5 19. a4 Re6 20. Re2 f6 21. Rae1
h5 22. Bf4 Rxe2 23. Rxe2 Qd7 24. h4 Kf7 25. Kf2 Ra6 26. Qc3 Ra8 27. Ke1 Be6 28.
Kd1 Bf5 29. Kc1 Ra6 30. Kb2 Ra8 31. Ka2 Be6 32. Bc1 Bf5 33. Ba3 Re8 34. Rxe8 Qxe8
35. Kb2 Qe2 36. Qxc6 Qxg2 37. Qxd5+ Kg6 38. Qc6 Qh2 39. Bf8 Qxh4 40. Qxc7 Qxd4+
41. Ka2 Qd7 42. Qxa5 Bxc2 43. Qc3 Bd3 44. Qb4 Kf7 45. Bc5 Qd5 46. a5 Qxf3 47.
Qd4 Qf5 48. Bb4 Bb5 49. Qa7+ Kg8 50. Qb6 Qd3 51. Qb8+ Kh7 52. Qf4 Bc6 53. Bf8
Bd5 54. Qb4 Kg8 55. Bd6 Qc2+ 56. Ka3 Qc1+ 57. Ka2 Qc2+ 58. Ka3 h4 59. a6 Qc1+
60. Ka4 h3 61. Qb8+ Kh7 62. b4 Qc6+ 63. Ka5 Bc4 64. b5 Qe4 65. Qc7 Qd5 66. Qc6
Qd2+ 67. Bb4 Qa2+ 68. Kb6 Bd5 69. Qe8 h2 70. Qh5+ Kg8 71. Qe8+ 1/2-1/2

[Event "XXXVII Miedzynarodowy Turniej Szachowy o Puchar Wojewody Dolnoslaskiego"]
[Site "Legnica"]
[Date "1899-12-30"]
[Round "1.5"]
[White "Golubka, Petro"]
[Black "Haba, Petr"]
[Result "1/2-1/2"]
[WhiteTitle "GM"]
[BlackTitle "GM"]
[WhiteElo "2371"]
[BlackElo "2447"]

1. d4 d5 2. c4 e6 3. Nc3 Nf6 4. Nf3 Nbd7 5. Bg5 c6 6. e3 Be7 7. Qc2 O-O 8. a3 a6
9. Rd1 Re8 10. Be2 h6 11. Bf4 b6 12. O-O Bb7 13. Ne5 Nxe5 14. Bxe5 a5 15. e4 dxc4
16. Bxc4 b5 17. Be2 Nd7 18. Bg3 b4 19. Na4 bxa3 20. Qb3 Qc8 21. bxa3 Ba6 22. Rfe1
Qb7 23. Qxb7 Bxb7 24. Rb1 Ba6 25. Bxa6 Rxa6 26. Rb3 Rd8 27. h3 Nf8 28. Rd1 Ra7
29. Kf1 Ng6 30. Ke2 f5 31. f3 Rad7 32. Rbd3 fxe4 33. fxe4 e5 34. d5 cxd5 35. Nb6
Rb7 36. Nxd5 Bg5 37. Ne7+ Bxe7 38. Rxd8+ Bxd8 39. Rxd8+ Kf7 40. h4 Rb2+ 41. Rd2
Rb3 42. Rd3 Rb2+ 43. Rd2 Rb3 44. Rd3 Rb2+ 1/2-1/2

[Event "XXXVII Miedzynarodowy Turniej Szachowy o Puchar Wojewody Dolnoslaskiego"]
[Site "Legnica"]
[Date "1899-12-30"]
[Round "2.1"]
[White "Nowak, Lukasz"]
[Black "Klimkowski, Jan"]
[Result "1/2-1/2"]
[WhiteTitle "FM"]
[BlackTitle "FM"]
[WhiteElo "2397"]
[BlackElo "2474"]

1. e4 c6 2. d4 d5 3. e5 Bf5 4. Nf3 e6 5. Be2 Ne7 6. c3 Ng6 7. h4 h5 8. Ng5 f6 9.
exf6 gxf6 10. Nh3 Kd7 11. Nf4 Nxf4 12. Bxf4 Qe8 13. Nd2 Qg6 14. Nf1 Bh6 15. Bxh6
Qxh6 16. Ne3 Be4 17. Qd2 Kc7 18. O-O-O Nd7 19. Bd3 Bxd3 20. Qxd3 f5 21. Kb1 f4
22. Nc2 Rhg8 23. Ne1 Rg4 24. f3 Rg7 25. Qd2 Rf8 26. Nd3 Qg6 27. Rhe1 Qf6 28. Re2
Re7 29. Rde1 Rff7 30. Ne5 Rg7 31. Nd3 1/2-1/2

[Event "XXXVII Miedzynarodowy Turniej Szachowy o Puchar Wojewody Dolnoslaskiego"]
[Site "Legnica"]
[Date "1899-12-30"]
[Round "2.3"]
[White "Seemann, Jakub"]
[Black "Golubka, Petro"]
[Result "0-1"]
[WhiteTitle "FM"]
[BlackTitle "GM"]
[WhiteElo "2446"]
[BlackElo "2371"]

1. d4 Nf6 2. c4 g6 3. g3 Bg7 4. Bg2 O-O 5. Nc3 c6 6. e4 d6 7. Nge2 Nbd7 8. O-O
e5 9. d5 Nb6 10. b3 cxd5 11. cxd5 Bd7 12. h3 Nh5 13. Be3 f5 14. exf5 gxf5 15.
f4 Rc8 16. Rc1 Qe7 17. Qd2 e4 18. a4 Bxc3 19. Nxc3 Nxg3 20. Rfe1 Kf7 21. a5 Na8
22. Kh2 Nh5 23. Bxa7 Qh4 24. Bf2 Qxf4+ 25. Qxf4 Nxf4 26. Bf1 Nc7 27. Bc4 Ne8 28.
Bg3 Ng6 29. Ne2 Ke7 30. Nf4 Nf6 31. Rf1 Rc7 32. Rce1 Ne5 33. Be2 Rc2 34. Kh1 Rg8
35. Rg1 Kf7 36. b4 Nf3 37. Bxf3 exf3 38. Ref1 Rc3 39. Bh4 Rxg1+ 40. Rxg1 Rc4 41.
Bxf6 Kxf6 42. Nh5+ Ke5 43. Rg7 Rc1+ 44. Rg1 Rc2 45. Rg7 Bb5 46. Re7+ Kd4 47. Ng3
Bd3 48. Re1 f4 49. Nf1 Kxd5 50. Rd1 Kd4 0-1

[Event "XXXVII Miedzynarodowy Turniej Szachowy o Puchar Wojewody Dolnoslaskiego"]
[Site "Legnica"]
[Date "1899-12-30"]
[Round "2.4"]
[White "Dzida, Kamil"]
[Black "Razin, Vadim"]
[Result "1-0"]
[WhiteTitle "m"]
[BlackTitle "m"]
[WhiteElo "2352"]
[BlackElo "2407"]

1. d4 d5 2. c4 Nc6 3. Nc3 Nf6 4. Nf3 e6 5. Bg5 Be7 6. e3 O-O 7. Rc1 Ne4 8. Bxe7
Nxe7 9. Qc2 f5 10. Bd3 c6 11. O-O b6 12. Ne5 Bb7 13. Ne2 Rc8 14. f3 Ng5 15. Nf4
Rf6 16. c5 Rh6 17. g4 Ng6 18. Nfxg6 hxg6 19. f4 Nh3+ 20. Kh1 g5 21. Qg2 gxf4 22.
exf4 Qh4 23. Rc2 Rc7 24. g5 Rh7 25. Qf3 bxc5 26. dxc5 Nxg5 27. fxg5 Qxg5 28. Rg2
Qf6 29. Qf4 Rh4 30. Ng4 Qe7 31. Nf6+ 1-0

[Event "XXXVII Miedzynarodowy Turniej Szachowy o Puchar Wojewody Dolnoslaskiego"]
[Site "Legnica"]
[Date "1899-12-30"]
[Round "2.5"]
[White "Bogdanov, Egor"]
[Black "Cherniaiev, Tykhon"]
[Result "1-0"]
[WhiteTitle "IM"]
[BlackTitle "FM"]
[WhiteElo "2394"]
[BlackElo "2330"]

1. e4 e5 2. Bc4 Nf6 3. d3 c6 4. Nf3 d5 5. Bb3 Bb4+ 6. c3 Bd6 7. O-O O-O 8. Re1
dxe4 9. dxe4 h6 10. Nbd2 Bc7 11. Qe2 Nbd7 12. Nc4 Qe7 13. Bc2 a5 14. b3 b5 15.
Ne3 g6 16. Qd2 Qd6 17. Qe2 Qe7 18. Nf1 Kg7 19. Qd2 Rh8 20. Ne3 Qd6 21. Qe2 Qe7
22. c4 Ba6 23. Nh4 Qe6 24. Ba3 Bb6 25. Rad1 b4 26. Nef5+ gxf5 27. Nxf5+ Kf8 28.
Bc1 Bd4 29. Bxh6+ Rxh6 30. Nxh6 Rd8 31. Nf5 Nc5 32. Qf3 Ng8 33. Qg3 Qg6 34. Qxe5
f6 35. Qc7 Ne6 36. Qxa5 Ne7 37. Nxd4 Rxd4 38. Rxd4 Nf4 39. g3 Qg4 40. Bd1 Qh3
41. gxf4 Ng6 42. Qd8+ Kg7 43. Qd7+ Qxd7 44. Rxd7+ Kf8 45. Ra7 Bc8 46. Ra8 Ne7
47. Bg4 f5 48. Bxf5 Nxf5 49. exf5 Kf7 50. Rxc8 Kg7 51. Rxc6 Kg8 52. Re7 Kh8 53.
Rc8# 1-0

[Event "XXXVII Miedzynarodowy Turniej Szachowy o Puchar Wojewody Dolnoslaskiego"]
[Site "Legnica"]
[Date "1899-12-30"]
[Round "3.1"]
[White "Cherniaiev, Tykhon"]
[Black "Nowak, Lukasz"]
[Result "1-0"]
[WhiteTitle "FM"]
[BlackTitle "FM"]
[WhiteElo "2330"]
[BlackElo "2397"]

1. d4 d5 2. c4 e6 3. Nf3 Nf6 4. Nc3 c5 5. cxd5 cxd4 6. Qxd4 exd5 7. Bg5 Be7 8.
e3 O-O 9. Be2 Nc6 10. Qd2 Be6 11. O-O h6 12. Bxf6 Bxf6 13. Rad1 Qb6 14. Nxd5 Bxd5
15. Qxd5 Qxb2 16. Bc4 Rad8 17. Qe4 Rfe8 18. Qg6 Re7 19. Rxd8+ Nxd8 20. Qd3 Rc7
21. h3 Qc3 22. Qxc3 Bxc3 23. Bb3 Bf6 24. Rd1 Kf8 25. Kf1 b5 26. e4 Nb7 27. e5
Be7 28. Nd4 a6 29. Rd3 Bc5 30. Nf5 h5 31. Bd5 Rd7 32. Ke2 Nd8 33. Ng3 g6 34. Ne4
Be7 35. f4 Ne6 36. Bxe6 Rxd3 37. Kxd3 fxe6 38. Ng5 Bxg5 39. fxg5 h4 40. Kd4 Ke7
41. Kc5 Kd7 42. Kb6 b4 43. Kc5 Kc7 44. Kxb4 Kb6 45. a4 a5+ 46. Kc4 Kc6 47. Kd4
Kb6 48. Kc4 Kc6 49. Kd4 Kb6 50. g3 hxg3 51. Ke3 Kc5 52. h4 Kd5 53. h5 1-0

[Event "XXXVII Miedzynarodowy Turniej Szachowy o Puchar Wojewody Dolnoslaskiego"]
[Site "Legnica"]
[Date "1899-12-30"]
[Round "3.2"]
[White "Razin, Vadim"]
[Black "Bogdanov, Egor"]
[Result "1/2-1/2"]
[WhiteTitle "m"]
[BlackTitle "IM"]
[WhiteElo "2407"]
[BlackElo "2394"]

1. e4 e6 2. d4 d5 3. exd5 exd5 4. Bd3 Bd6 5. Nf3 Nf6 6. O-O O-O 7. Bg5 Bg4 8. Nbd2
Nbd7 9. c3 c6 10. Qc2 Qc7 11. Rae1 Rfe8 12. Bh4 Bh5 13. Bg3 Bg6 14. Bxg6 hxg6
15. Rxe8+ Rxe8 16. Re1 Rxe1+ 17. Nxe1 Bxg3 18. hxg3 Qd6 19. Nd3 Qe7 20. Qd1 Kf8
21. Qe1 Qxe1+ 22. Nxe1 Ke7 23. f3 Kd6 24. Nd3 b6 25. Kf2 Ng8 26. g4 g5 27. g3
Ne7 28. f4 gxf4 29. gxf4 f6 30. f5 g6 31. fxg6 Nxg6 32. Kf3 1/2-1/2

[Event "XXXVII Miedzynarodowy Turniej Szachowy o Puchar Wojewody Dolnoslaskiego"]
[Site "Legnica"]
[Date "1899-12-30"]
[Round "3.3"]
[White "Golubka, Petro"]
[Black "Dzida, Kamil"]
[Result "0-1"]
[WhiteTitle "GM"]
[BlackTitle "m"]
[WhiteElo "2371"]
[BlackElo "2352"]

1. e4 e5 2. Nf3 Nc6 3. Bc4 Nf6 4. Ng5 d5 5. exd5 Na5 6. Bb5+ c6 7. dxc6 bxc6 8.
Bd3 Nd5 9. Ne4 f5 10. Ng3 g6 11. O-O h5 12. Re1 Bd6 13. Bf1 h4 14. Ne2 O-O 15.
a3 h3 16. b4 hxg2 17. Bxg2 e4 18. d3 Qh4 19. Ng3 f4 20. Rxe4 Qf6 21. c3 fxg3 22.
fxg3 Bf5 23. bxa5 Bxe4 24. dxe4 Nxc3 25. Nxc3 Qxc3 26. Bh6 Rad8 27. Qb1 Be5 28.
Qa2+ Kh7 29. Bxf8 Bd4+ 30. Kh1 Qxa1+ 31. Qxa1 Bxa1 0-1

[Event "XXXVII Miedzynarodowy Turniej Szachowy o Puchar Wojewody Dolnoslaskiego"]
[Site "Legnica"]
[Date "1899-12-30"]
[Round "3.4"]
[White "Jarmula, Lukasz"]
[Black "Seemann, Jakub"]
[Result "1-0"]
[WhiteTitle "GM"]
[BlackTitle "FM"]
[WhiteElo "2439"]
[BlackElo "2446"]

1. b3 e5 2. Bb2 Nc6 3. e3 Nf6 4. Bb5 e4 5. Nc3 a6 6. Bxc6 dxc6 7. f3 exf3 8. Nxf3
Bd6 9. O-O O-O 10. Qe1 Qe7 11. e4 Re8 12. d3 Bg4 13. Nd1 Bc5+ 14. Kh1 Bxf3 15.
Rxf3 Nd7 16. Qg3 Ne5 17. Rf5 Bd6 18. Ne3 Ng6 19. Qf3 Ba3 20. Bc3 Bb4 21. Bd4 Rad8
22. c3 Bxc3 23. Bxc3 Rxd3 24. Bxg7 Qxe4 25. Bh6 Rxe3 26. Bxe3 Qxe3 27. Rxf7 Qxf3
28. Rxf3 Re7 29. Raf1 c5 30. g3 b6 31. h4 Kg7 32. Rf5 h6 33. Kg2 Nh8 34. R1f2
Nf7 35. R5f4 a5 36. Rg4+ Kh7 37. Rf6 Rd7 38. Re4 Kg7 39. Rfe6 Nd6 40. Re7+ 1-0

[Event "XXXVII Miedzynarodowy Turniej Szachowy o Puchar Wojewody Dolnoslaskiego"]
[Site "Legnica"]
[Date "1899-12-30"]
[Round "3.5"]
[White "Klimkowski, Jan"]
[Black "Haba, Petr"]
[Result "1-0"]
[WhiteTitle "FM"]
[BlackTitle "GM"]
[WhiteElo "2474"]
[BlackElo "2447"]

1. d4 d5 2. c4 c6 3. Nc3 Nf6 4. Nf3 dxc4 5. a4 Bf5 6. Ne5 Nbd7 7. Nxc4 Nb6 8. Ne3
Bg6 9. a5 Nbd5 10. Nexd5 Nxd5 11. Qb3 Rb8 12. e4 Nxc3 13. bxc3 e6 14. Bd3 Bd6
15. O-O O-O 16. f4 Re8 17. Ra2 h6 18. g4 e5 19. f5 Bh7 20. Rg2 Be7 21. Bc4 Rf8
22. dxe5 Qxa5 23. e6 fxe6 24. Bxe6+ Kh8 25. Bf4 Qc5+ 26. Kh1 Bd6 27. Bc1 Rbe8
28. g5 hxg5 29. Bxg5 Qb5 30. Qxb5 cxb5 31. Bd5 Be5 32. Ra2 Bg8 33. Rxa7 Bxd5 34.
exd5 Bxc3 35. Rxb7 Rb8 36. Rxb8 Rxb8 37. d6 Bf6 38. Bxf6 gxf6 39. Kg2 Kg7 40.
Kf3 Kf7 41. Ke4 Rh8 42. Rf2 b4 43. Kd5 b3 44. d7 Ke7 45. Kc6 Kd8 46. Re2 1-0

[Event "XXXVII Miedzynarodowy Turniej Szachowy o Puchar Wojewody Dolnoslaskiego"]
[Site "Legnica"]
[Date "1899-12-30"]
[Round "4.1"]
[White "Nowak, Lukasz"]
[Black "Haba, Petr"]
[Result "1-0"]
[WhiteTitle "FM"]
[BlackTitle "GM"]
[WhiteElo "2397"]
[BlackElo "2447"]

1. d4 d5 2. c4 c6 3. cxd5 cxd5 4. Bf4 Nc6 5. e3 Nf6 6. Nc3 a6 7. Be2 Bf5 8. Nf3
e6 9. Qb3 Nh5 10. Bg5 f6 11. Bh4 Nb4 12. Rc1 g5 13. Bg3 Nxg3 14. hxg3 b5 15. O-O
Rc8 16. Rfd1 Kf7 17. Ne1 Be7 18. a3 Nc6 19. Bd3 Bg6 20. Qa2 Na5 21. a4 b4 22.
Ne2 b3 23. Rxc8 bxa2 24. Rxd8 Rxd8 25. Bxg6+ hxg6 26. Nc3 Rc8 27. Nxa2 Nb3 28.
Nd3 Rc2 29. Nac1 Nxc1 30. Rxc1 Rd2 31. Rc3 Rd1+ 32. Kh2 a5 33. g4 Bd6+ 34. g3
f5 35. Kg2 fxg4 36. b3 Kf6 37. Nc5 Rb1 38. Nd7+ Ke7 39. Ne5 Bxe5 40. dxe5 Kf7
41. Rc7+ Kf8 42. Ra7 Rxb3 43. Rxa5 Ke7 44. Ra7+ Ke8 45. a5 Ra3 46. a6 Ra1 47.
Ra8+ Kd7 48. a7 Kc6 49. Re8 Rxa7 50. Rxe6+ Kc5 51. Rxg6 Ra4 52. Rxg5 Re4 53. Rf5
Kc6 54. Rf6+ Kc7 55. Rf4 Kd7 56. Kf1 Ke6 57. Ke2 Kxe5 58. Kd3 1-0

[Event "XXXVII Miedzynarodowy Turniej Szachowy o Puchar Wojewody Dolnoslaskiego"]
[Site "Legnica"]
[Date "1899-12-30"]
[Round "4.2"]
[White "Seemann, Jakub"]
[Black "Klimkowski, Jan"]
[Result "1/2-1/2"]
[WhiteTitle "FM"]
[BlackTitle "FM"]
[WhiteElo "2446"]
[BlackElo "2474"]

1. e4 c6 2. d4 d5 3. exd5 cxd5 4. Bd3 Nc6 5. c3 Nf6 6. h3 g6 7. Nf3 Bf5 8. Be2
Bg7 9. O-O O-O 10. Re1 Ne4 11. Bf4 f6 12. c4 e5 13. cxd5 Qxd5 14. Na3 Qd8 15.
Be3 Kh8 16. Nb5 a6 17. Nc3 exd4 18. Nxd4 Nxd4 19. Bxd4 Nxc3 20. Bxc3 Qc7 21. Bf3
Rad8 22. Qb3 b5 23. a4 Rb8 24. axb5 axb5 25. Qb4 Rf7 26. Ra6 Qc4 27. Qxc4 bxc4
28. Bd5 Rc7 29. Rea1 h5 30. R1a4 Bd3 31. Ra7 Rbc8 32. Be6 Rxa7 33. Rxa7 Rc6 34.
Bd5 Rc5 35. Bf7 h4 36. Rd7 g5 37. b4 Rb5 38. Bd5 Rb6 39. Rc7 Kh7 40. Bc6 Kh6 41.
b5 Rb8 42. Bd4 Bf8 43. Rf7 Bg6 44. Ra7 Rd8 45. Rd7 Rxd7 46. Bxd7 Bb4 47. b6 c3
48. b7 Bd6 49. Bxc3 Be4 50. Bc8 f5 51. f3 Bc6 52. Kf2 Kg6 53. Ke3 g4 54. f4 g3
55. Be5 Bc5+ 56. Bd4 Bd6 57. Be5 Bc5+ 58. Ke2 Ba7 59. b8=Q Bxb8 60. Bxb8 Bxg2
61. Bd7 Bxh3 62. Kf3 Kf7 63. Bc7 Ke7 64. Bc8 Ke8 65. Bb7 Bf1 66. Be5 Kf7 67. Bc8
Bd3 68. Kg2 Kg6 69. Bb7 Be4+ 70. Bxe4 fxe4 71. Kh3 Kf5 72. Kxh4 g2 73. Bd4 e3
74. Bxe3 g1=R 75. Bxg1 Kxf4 1/2-1/2

[Event "XXXVII Miedzynarodowy Turniej Szachowy o Puchar Wojewody Dolnoslaskiego"]
[Site "Legnica"]
[Date "1899-12-30"]
[Round "4.3"]
[White "Dzida, Kamil"]
[Black "Jarmula, Lukasz"]
[Result "1/2-1/2"]
[WhiteTitle "m"]
[BlackTitle "GM"]
[WhiteElo "2352"]
[BlackElo "2439"]

1. e4 d6 2. d4 Nf6 3. Nc3 e5 4. Nf3 exd4 5. Nxd4 Be7 6. g3 d5 7. exd5 Nxd5 8. Nde2
Nxc3 9. Qxd8+ Bxd8 10. Nxc3 Bf5 11. Bg2 Nc6 12. Bf4 Bxc2 13. Kd2 Bf5 14. Rhe1+
Be6 15. Nb5 O-O 16. Bxc6 bxc6 17. Nxc7 Bxc7 18. Bxc7 a5 19. Rac1 Bxa2 20. Ra1
Bd5 21. Rxa5 Rxa5 22. Bxa5 f6 23. Kd3 Kf7 24. Kd4 Re8 25. Rxe8 Kxe8 26. Bb4 Kf7
27. Ke3 Ke6 28. Bf8 Kf7 29. Bd6 Ke6 30. Bf8 Kf7 31. Bd6 1/2-1/2

[Event "XXXVII Miedzynarodowy Turniej Szachowy o Puchar Wojewody Dolnoslaskiego"]
[Site "Legnica"]
[Date "1899-12-30"]
[Round "4.4"]
[White "Bogdanov, Egor"]
[Black "Golubka, Petro"]
[Result "1/2-1/2"]
[WhiteTitle "IM"]
[BlackTitle "GM"]
[WhiteElo "2394"]
[BlackElo "2371"]

1. d4 d5 2. Nf3 e6 3. Bf4 Bd6 4. Bxd6 cxd6 5. e3 b6 6. Bb5+ Bd7 7. Bxd7+ Qxd7 8.
O-O f5 9. a4 a5 10. Qe2 Nf6 11. c4 dxc4 12. Qxc4 Nc6 13. Nc3 Nb4 14. Nb5 Nfd5
15. Rac1 O-O 16. Qb3 Rac8 17. Nd2 Qe7 18. Rc4 Rxc4 19. Nxc4 Rd8 20. Nc3 h6 21.
Na3 Nf6 22. Rc1 Rc8 23. Ne2 Rxc1+ 24. Nxc1 d5 25. Qc3 Kf7 26. Nd3 Nxd3 27. Qxd3
Ne4 28. f3 Nd6 29. g3 g5 30. Qc3 Qd7 31. b3 1/2-1/2

[Event "XXXVII Miedzynarodowy Turniej Szachowy o Puchar Wojewody Dolnoslaskiego"]
[Site "Legnica"]
[Date "1899-12-30"]
[Round "4.5"]
[White "Cherniaiev, Tykhon"]
[Black "Razin, Vadim"]
[Result "1/2-1/2"]
[WhiteTitle "FM"]
[BlackTitle "m"]
[WhiteElo "2330"]
[BlackElo "2407"]

1. d4 d5 2. c4 e6 3. Nf3 dxc4 4. e3 Nf6 5. Bxc4 a6 6. a4 c5 7. O-O Nc6 8. dxc5
Qc7 9. Nc3 Bxc5 10. h3 O-O 11. Bd2 b6 12. Qe2 Bb7 13. Rad1 Rfd8 14. Bc1 Rxd1 15.
Rxd1 Ne5 16. Nxe5 Qxe5 17. Qf1 h6 18. Qd3 Qg5 19. Qf1 Ne4 20. Nxe4 Bxe4 21. b3
b5 22. Bd3 Bb7 23. Be2 bxa4 24. bxa4 a5 25. Bb2 Bd5 26. Bc4 Rb8 27. Ba1 Bc6 28.
Bb5 Bxb5 29. axb5 Bf8 30. Rb1 Bb4 31. Qc4 Rxb5 32. Qc8+ Kh7 33. Qe8 Qf5 34. Rf1
Rb7 35. Bd4 Qb5 36. Qc8 Rd7 37. Rc1 Ba3 38. Qc2+ Qf5 39. Qxf5+ exf5 40. Rc6 Bb4
41. Ra6 f4 42. Kf1 fxe3 43. Bxe3 Rd5 44. Ke2 Rd6 45. Ra7 f6 46. g4 Rd5 47. Kf3
Kg6 48. Ra6 h5 49. Ra7 Rb5 50. Ke2 Bc5 51. Bxc5 Rxc5 52. Kf3 h4 53. Kg2 f5 54.
Ra6+ Kg5 55. Ra7 g6 56. Ra6 Rb5 57. Kh2 Rb2 58. Kg2 Ra2 59. Rb6 a4 60. Rb4 a3
61. gxf5 gxf5 62. Ra4 Ra1 63. Ra5 Kf6 64. Ra4 a2 65. Ra6+ Ke5 66. Ra5+ Ke4 67.
Ra4+ Ke5 68. Ra5+ Kd4 69. Ra4+ Ke5 70. Ra5+ 1/2-1/2

[Event "XXXVII Miedzynarodowy Turniej Szachowy o Puchar Wojewody Dolnoslaskiego"]
[Site "Legnica"]
[Date "1899-12-30"]
[Round "5.1"]
[White "Razin, Vadim"]
[Black "Nowak, Lukasz"]
[Result "1-0"]
[WhiteTitle "m"]
[BlackTitle "FM"]
[WhiteElo "2407"]
[BlackElo "2397"]

1. d4 d5 2. Nf3 Nf6 3. c4 e6 4. Nc3 c5 5. cxd5 Nxd5 6. e4 Nxc3 7. bxc3 cxd4 8.
cxd4 Bb4+ 9. Bd2 Bxd2+ 10. Qxd2 O-O 11. Bc4 Nd7 12. O-O b6 13. Rad1 Bb7 14. Rfe1
Rc8 15. Bb3 h6 16. Re3 Nf6 17. d5 exd5 18. e5 Ne4 19. Qe1 Nc5 20. Nd4 Ne6 21.
Nf5 Qg5 22. Nd6 Rc7 23. Rg3 Qh5 24. Rh3 Qg5 25. Rg3 Qh5 26. h3 Ba8 27. Rd2 Rc5
28. Rg4 Ng5 29. f4 Ne4 30. Nxe4 dxe4 31. Qg3 Kh8 32. Rxg7 Rc7 33. Rd6 e3 34. Rxf7
1-0

[Event "XXXVII Miedzynarodowy Turniej Szachowy o Puchar Wojewody Dolnoslaskiego"]
[Site "Legnica"]
[Date "1899-12-30"]
[Round "5.2"]
[White "Golubka, Petro"]
[Black "Cherniaiev, Tykhon"]
[Result "1/2-1/2"]
[WhiteTitle "GM"]
[BlackTitle "FM"]
[WhiteElo "2371"]
[BlackElo "2330"]

1. e4 e5 2. Nf3 Nf6 3. Nc3 Nc6 4. h3 h6 5. Bb5 Nd4 6. Nxe5 Qe7 7. Nf3 Nxb5 8. Nxb5
Qxe4+ 9. Qe2 Qxe2+ 10. Kxe2 Nd5 11. c4 a6 12. Nc3 Nxc3+ 13. dxc3 d6 14. a4 Be6
15. b3 O-O-O 16. Nd4 Bd7 17. Nc2 Be7 18. Nb4 Rhe8 19. Nd5 Be6 20. Be3 Bxd5 21.
cxd5 Bg5 22. Kd3 Bxe3 23. fxe3 Re5 24. c4 Rde8 25. Rae1 Kd7 26. g4 f6 27. e4 a5
28. Rhf1 b6 29. Rf5 R8e7 30. h4 Re8 31. Re2 R8e7 32. h5 Re8 33. Re3 R8e7 34. Re2
Re8 35. Re3 R8e7 36. Re2 1/2-1/2

[Event "XXXVII Miedzynarodowy Turniej Szachowy o Puchar Wojewody Dolnoslaskiego"]
[Site "Legnica"]
[Date "1899-12-30"]
[Round "5.3"]
[White "Jarmula, Lukasz"]
[Black "Bogdanov, Egor"]
[Result "0-1"]
[WhiteTitle "GM"]
[BlackTitle "IM"]
[WhiteElo "2439"]
[BlackElo "2394"]

1. b3 e5 2. Bb2 Nc6 3. c4 Nf6 4. Nf3 e4 5. Nd4 Bc5 6. Nf5 O-O 7. e3 d5 8. cxd5
Qxd5 9. Ng3 Bg4 10. Qc1 Ne5 11. h3 Bd7 12. Be2 Bd6 13. O-O Nf3+ 14. gxf3 exf3
15. e4 Qg5 16. Bxf3 Bxg3 17. fxg3 Qxg3+ 18. Kh1 Qxh3+ 19. Kg1 Qg3+ 20. Kh1 Ng4
21. Bxg4 Qh4+ 22. Kg2 Qxg4+ 23. Kh2 Qh4+ 24. Kg1 Qg4+ 25. Kh2 Rae8 26. d3 Qh3+
27. Kg1 Qg3+ 28. Kh1 Qxd3 29. Nd2 Qh3+ 30. Kg1 Qg3+ 31. Kh1 Re6 32. Nf3 Qh3+ 33.
Nh2 Bc6 34. Rf3 Bxe4 35. Qf4 Bxf3+ 36. Qxf3 Qxf3+ 37. Nxf3 Re2 38. Bd4 f6 39.
a4 b6 40. b4 Rd8 41. Rc1 Re4 42. Bf2 Rd3 43. Ne1 Rd7 44. Rb1 Rd2 45. Kg1 Ra2 46.
a5 bxa5 47. bxa5 Rxa5 48. Rb7 Ra1 49. Kf1 a5 50. Rxc7 a4 0-1

[Event "XXXVII Miedzynarodowy Turniej Szachowy o Puchar Wojewody Dolnoslaskiego"]
[Site "Legnica"]
[Date "1899-12-30"]
[Round "5.4"]
[White "Klimkowski, Jan"]
[Black "Dzida, Kamil"]
[Result "1-0"]
[WhiteTitle "FM"]
[BlackTitle "m"]
[WhiteElo "2474"]
[BlackElo "2352"]

1. e4 c5 2. Nf3 Nc6 3. d4 cxd4 4. Nxd4 Nf6 5. Nc3 e5 6. Nde2 Bc5 7. Ng3 Qb6 8.
Qd2 Bb4 9. Bc4 Qd4 10. Bb3 Bxc3 11. Qxc3 d6 12. O-O Qxc3 13. bxc3 Be6 14. f4 h6
15. f5 Bc8 16. Rd1 Ke7 17. Ba3 Rd8 18. Rd2 b6 19. Rad1 Ke8 20. Ba4 Bd7 21. Rxd6
Na5 22. Nh5 Nc4 23. Nxf6+ gxf6 24. Rxd7 1-0

[Event "XXXVII Miedzynarodowy Turniej Szachowy o Puchar Wojewody Dolnoslaskiego"]
[Site "Legnica"]
[Date "1899-12-30"]
[Round "5.5"]
[White "Haba, Petr"]
[Black "Seemann, Jakub"]
[Result "1/2-1/2"]
[WhiteTitle "GM"]
[BlackTitle "FM"]
[WhiteElo "2447"]
[BlackElo "2446"]

1. e4 e5 2. Nf3 Nc6 3. Bb5 a6 4. Ba4 Nf6 5. O-O Be7 6. Re1 b5 7. Bb3 O-O 8. a4
Bb7 9. d3 d6 10. Bd2 Qd7 11. Nc3 Na5 12. Ba2 b4 13. Ne2 c5 14. Ng3 Rab8 15. h3
Bd8 16. Nh2 Bc6 17. Ng4 Nxg4 18. hxg4 Bxa4 19. Bd5 Bb5 20. Qf3 Nc6 21. c4 bxc3
22. bxc3 Ne7 23. c4 Bc6 24. Rxa6 Nxd5 25. exd5 Bb7 26. Ra7 Bb6 27. Ra2 Bc8 28.
g5 Bd8 29. Rea1 Rb3 30. Ra3 Rxa3 31. Rxa3 Qb7 32. Qd1 Be7 33. Qa1 Re8 34. Qa2
Qd7 35. f3 Qd8 36. Ba5 Qd7 37. Bd2 Qd8 38. Ba5 Qd7 1/2-1/2